Management 14th ed. (Record no. 18648)

MARC details
000 -LEADER
fixed length control field 00416nam a2200169Ia 4500
008 - FIXED-LENGTH DATA ELEMENTS--GENERAL INFORMATION
fixed length control field 221030s9999 xx 000 0 und d
020 ## - INTERNATIONAL STANDARD BOOK NUMBER
ISBN 9353067229
041 ## - LANGUAGE CODE
Language code of text/sound track or separate title
100 ## - MAIN ENTRY--AUTHOR NAME
Personal name S. P. Robbins
245 #0 - TITLE STATEMENT
Title Management 14th ed.
Statement of responsibility, etc by S. P. Robbins, M. Coulter
250 ## - EDITION STATEMENT
Edition statement 14th
260 ## - PUBLICATION, DISTRIBUTION, ETC. (IMPRINT)
Name of publisher Pearson Education
Place of publication Noida
Year of publication 2020
300 ## - PHYSICAL DESCRIPTION
Number of Pages 791
650 ## - SUBJECT ADDED ENTRY--TOPICAL TERM
Topical Term Management
700 ## - ADDED ENTRY--PERSONAL NAME
Personal name M. Coulter
942 ## - ADDED ENTRY ELEMENTS (KOHA)
Koha item type Books
Holdings
Accession Number Cost, normal purchase price Bill Date Source of acquisition Price effective from Koha item type Withdrawn / writtenoff status Materials specified (bound volume or other part) Damaged status Not for loan Permanent Location Current Location Shelving location Date acquired Lost/ Missing status department
B.COM 32 875.00 15 RKB 10/30/2022 Books   Print   Not For Loan MIET Library, Jammu MIET Library, Jammu 192/4 08/09/2021   B.COM
B.COM 33 875.00 15 RKB 10/30/2022 Books   Print     MIET Library, Jammu MIET Library, Jammu 191/3 08/09/2021   B.COM
B.COM 34 875.00 15 RKB 10/30/2022 Books   Print     MIET Library, Jammu MIET Library, Jammu 191/3 08/09/2021   B.COM
B.COM 63 875.00 21 RKB 10/30/2022 Books   Print     MIET Library, Jammu MIET Library, Jammu 191/3 08/09/2021   B.COM
B.COM 64 875.00 21 RKB 10/30/2022 Books   Print     MIET Library, Jammu MIET Library, Jammu 191/3 08/09/2021   B.COM
B.COM 65 875.00 21 RKB 10/30/2022 Books   Print     MIET Library, Jammu MIET Library, Jammu 191/3 08/09/2021   B.COM